00878nam a22002657a 45000010005000000030006000050050017000110080041000280200018000690400029000870500017001161000020001332450048001532500018002012600054002193000061002734900011003345050009003455200139003545210029004935210020005226500011005426500030005536500029005837979FISKH20260213143737.0250815b cb ||||| |||| 00| 0 eng d a9781423180708 aFISKHbengcFISKHdFISKH aPZ7.S41325 M aScollon , Bill  aMinnie's Winter Bow Show /cBy Bill Scollon aFirst Edition aCalifornia : bDisney Enterpriseds, Inc , c2014. a24 unnumbered pages : bcolor illustrations ; c20 cm .  aMinnie aG  aMillie and Melody take Aunt Minnie on an adventure through the snowy mountains, but will she get back in time for her Winter Bow Show?8 a370 bLexile estimate 8 aG bRaz-Plus  aMickey aWinter vChildren's Books aMickeyvChildren's Books